| 000 | 01061cad a22002175a 4500 | ||
|---|---|---|---|
| 001 | L137625 | ||
| 008 | 070420s2007 xxk f f000 0 eng d | ||
| 035 | _a(Sirsi) u137625 | ||
| 041 | 0 | _aeng | |
| 050 | 0 | 4 | _a343.410723 $2 18 |
| 110 | 1 |
_aUnited Kingdom _bOffice of Fair Trading _94767 |
|
| 245 | 0 | 0 |
_aPrivate actions in competition law _beffective redress for consumers and business _bdiscussion paper _h[electronic resource] |
| 260 |
_aLondon _OFT _c2007 |
||
| 490 | 0 |
_aOFT _v916 |
|
| 520 | _aSets out the principles that should inform improvements to the existing sytem for private actions regarding competition law to ensure that it allows for effective redress and enhanced compliance with the law. Proposals should, however, not give rise to a litigation culture that would be harmful to legitimate business activity. | ||
| 590 | _aKA NTK | ||
| 651 | 4 |
_aUnited Kingdom _y |
|
| 690 | _aPROPERTY AND LAND LAW | ||
| 856 | 4 | 0 |
_uhttps://www.oft.gov.uk/shared_oft/reports/comp_policy/oft916.pdf _zView the item free of charge at www.oft.gov.uk... |
| 942 | _n0 | ||
| 999 |
_c106850 _d106850 |
||